| 000 | 01493nam0a2200349 i 4500 | ||
|---|---|---|---|
| 001 | RU\NLR\BIBL_A\011099259 | ||
| 005 | 20240922015144.0 | ||
| 010 | _a9785971026532 | ||
| 021 |
_aRU _b2016-22359 _91413 |
||
| 035 | _a(NILC)RuMoRGB-008252605 | ||
| 035 | _a(NLR Aleph) 011099259 | ||
| 090 |
_a11410899 _c11410899 |
||
| 100 | _a20160408d2016 u y0rusy50 ca | ||
| 101 | 0 | _arus | |
| 102 | _aRU | ||
| 105 | _aa|||z|||000yy | ||
| 200 | 1 |
_aМатематические вопросы волн-убийц _fР.В. Шамин |
|
| 210 |
_aМосква _cURSS _cЛЕНАНД _d2016 |
||
| 215 |
_a163 с. _cил. _d22 |
||
| 225 | 1 |
_aСинергетика: от прошлого к будущему _fредкол.: проф. Г.Г. Малинецкий (пред.) _v№ 76 |
|
| 300 | _aНа 4-й с. обл. авт.: Р.В. Шамин, д.ф.-м.н. | ||
| 320 | _aБиблиогр.: с. 156-163 (97 назв.) | ||
| 606 | 1 |
_aМорские волны аномальные _xЭкспериментальные исследования _xВычислительные методы _92258439 _3RU\NLR\AUTH\6601584257 |
|
| 610 | 0 | _aволны-убийцы | |
| 675 | _a551.46 | ||
| 686 | 1 | _aД221.329в641.8 | |
| 700 | 1 |
_aШамин _bР. В. _cд-р физ.-мат. наук _f1975- _gРоман Вячеславович _9145863 _3RU\NLR\AUTH\770145899 |
|
| 801 | 0 |
_aRU _bРГБ _c20160322 _gRCR |
|
| 942 | _cBOOK | ||
| 980 | _aNBR | ||